1363 1353 1591 1016 1635 1651 1418 1115 1940 1837 1068 1659 1641 1907 1808 1121 1392 1817 1972 1902 1943 1686 1734 1201 1513 1755 1421 1962 1679 1705 1997 1657 1299 1372 1308 1878 1826 1612 1365 1232 1852 1460 1401 1334 1288 1567 1864 1674 1698 1434 1319 1256 1876 1704 1683 1118 1923 1807 1999 1403 1179 1572 1193 1207 1291 1897 1954 1754 1021 1069 1393 1238 1766 1638 1185 1051 1010 1409 1869 1094 1257 1769 1143 1039 1981 1870 1296 1688 1152 1827 1367 1702 1501 1581 1727 1528 1665 1195 1820 BCNSPRNW ULIB Ver.6.0+V

เปลี่ยนเป็นภาษาไทย

Change to English
 แสดงรายละเอียดบรรณานุกรม
  กลับหน้าหลัก

Brief Record : Get Marc (ISO 2709) : E-mail record : QR code < ปิดหน้าต่าง
LEADER : 00000nam 2200000uu 4500
001    13399128895
003     ULIB
008    241025s2024||||th 000 0 tha d
020    ^a9780323711906
060 04 ^aWY161^bA189
245 00 ^aAcute & chronic wounds Intraprofessionals from Novice to Expert /^c[edited by ] Ruth A. Bryant, Denise P. Nix
246 1  ^aAcute and chronic wounds
250    ^a6th ed.
260    ^aSt. Louis :^bElsevier Mosby,^c2024
300    ^axii, 803 p. :^bill. (some col.) ;^c28 cm.
504    ^aIncludes bibliographical references and index
650  2 ^aWounds and Injuries^xnursing
650  2 ^aEnterostomy^xnursing
650  2 ^aPatient Care Planning
650  2 ^aWound Healing
700 1  ^aBryant, Ruth A.,^eed.
700 1  ^aNix, Denise P.,^eed.
730 0  ^aAcute and chronic wounds
945    ^p2932^l0^i011142
999    ^aประนอม เกษจรัล
รายการนี้ยังไม่มีแท็ก
คุณยังไม่ได้ล็อกอิน คุณสามารถมีกิจกรรมร่วมกับเว็บไซต์ได้ แต่ต้องล็อกอินก่อน ::
  ล็อกอิน

รายการสื่อสารสนเทศ

ลำดับที่ ประเภท เลขเรียก/บาร์โค้ด สถานที่ สถานะ
1. Book การพยาบาล
หนังสือสำรอง
สถานะ=หนังสือสำรอง
WY161 A189 ฉ.1 
  Barcode: 011142
ห้องสมุดวิทยาเขตสวรรค์ประชารักษ์
►หนังสือทั่วไป
บนชั้น

รายการใกล้เคียง
    หัวเรื่อง [Patient Care Planning]
    หัวเรื่อง [Wound Healing]

BibComment


ยังไม่เคยถูกคอมเมนท์

คอมเมนท์ทรัพยากรรายการนี้
  คอมเมนท์: Acute chronic w..


 Copyright 2026. Bcnsprnw @Library